000 00354 a2200121 4500
001 ART_5658
005 20260410161617.0
008 260409a
245 1 0 _aGestión medioambiental de los costos en turismo
100 1 _aFronti de García, Luisa
700 1 _aIacomucci, Norma H.
773 0 _tEnfoques
_g- Nº 7 (jul. 2006)
_wREV416
999 _c11163
_d11163